| 000 -LEADER |
| fixed length control field |
00584nam a22001817a 4500 |
| 005 - DATE AND TIME OF LATEST TRANSACTION |
| control field |
20200702143148.0 |
| 008 - FIXED-LENGTH DATA ELEMENTS--GENERAL INFORMATION |
| fixed length control field |
200702s2017 eng||||| |||| 00| 0 enk d |
| 020 ## - INTERNATIONAL STANDARD BOOK NUMBER |
| International Standard Book Number |
9788131533604 |
| 041 ## - LANGUAGE CODE |
| Language code of text/sound track or separate title |
eng |
| 080 ## - UNIVERSAL DECIMAL CLASSIFICATION NUMBER |
| Universal Decimal Classification number |
004.738 H-57 |
| 100 ## - MAIN ENTRY--PERSONAL NAME |
| Personal name |
Hebbar, H. Ganapathy |
| 9 (RLIN) |
9025 |
| 245 ## - TITLE STATEMENT |
| Title |
Introduction To Digital Switching System |
| 264 ## - PRODUCTION, PUBLICATION, DISTRIBUTION, MANUFACTURE, AND COPYRIGHT NOTICE |
| Place of production, publication, distribution, manufacture |
Andover : |
| Name of producer, publisher, distributor, manufacturer |
CENGAGE INDIA, |
| Date of production, publication, distribution, manufacture, or copyright notice |
2017. |
| 300 ## - PHYSICAL DESCRIPTION |
| Extent |
272 p. |
| Other physical details |
25 cm. |
| 653 ## - INDEX TERM--UNCONTROLLED |
| keyword |
შესავალი ციფრული გადართვის სისტემაში |
| 653 ## - INDEX TERM--UNCONTROLLED |
| keyword |
ინჟინერია |
| 942 ## - ADDED ENTRY ELEMENTS (KOHA) |
| Source of classification or shelving scheme |
|
| Koha item type |
წიგნი |